[Event "50th World U20 ch"]
[Site "Chennai IND"]
[Date "2011.08.13"]
[Round "11.30"]
[White "Priyadharshan, Kannappan"]
[Black "Pradeep Kumar, R. A."]
[Result "1/2-1/2"]
[WhiteElo "2376"]
[BlackElo "2245"]
[EventDate "2011.08.02"]
[PlyCount "104"]

1.e4 c5 2.Nf3 Nc6 3.d4 cxd4 4.Nxd4 Nf6 5.Nc3 e5 6.Ndb5 d6 7.Bg5 a6 8.Na3 
b5 9.Nd5 Be7 10.Bxf6 Bxf6 11.c4 b4 12.Nc2 O-O 13.Be2 Rb8 14.b3 Bg5 15.O-O 
Qa5 16.Nde3 Qc5 17.Qd3 Be6 18.Rad1 Rfd8 19.g3 Bxe3 20.fxe3 a5 21.h4 a4 22.
Bf3 Ra8 23.Ra1 Ra6 24.Rfd1 Rda8 25.Rac1 Nd8 26.Qd2 Rb6 27.Ne1 Nb7 28.Nd3 
Qc8 29.bxa4 Nc5 30.a5 Rxa5 31.Nxe5 Ra3 32.Bg2 f6 33.Nf3 Qa6 34.e5 Rxa2 35.
Qe1 fxe5 36.Nxe5 Qc8 37.Nf3 Bh3 38.Bh1 h6 39.Nd4 Bg4 40.Rd2 Ra3 41.Bd5+ 
Kh8 42.Rb1 Qe8 43.Nc2 Rc3 44.Nxb4 Qxe3+ 45.Qxe3 Rxe3 46.Rf2 Be6 47.Bxe6 
Nxe6 48.Kh2 Re4 49.Rbb2 Rxc4 50.Nd5 Rxb2 51.Rxb2 Rd4 52.Ne7 h5 1/2-1/2

[Event "50th World U20 ch"]
[Site "Chennai IND"]
[Date "2011.08.13"]
[Round "11.31"]
[White "Ly, Moulthun"]
[Black "Gagare, Shardul"]
[Result "1/2-1/2"]
[WhiteElo "2369"]
[BlackElo "2223"]
[EventDate "2011.08.02"]
[PlyCount "112"]

1.e4 c5 2.Nf3 g6 3.Bc4 Bg7 4.c3 e6 5.O-O Ne7 6.Bb3 d5 7.exd5 exd5 8.d4 c4 
9.Bc2 Nbc6 10.b3 cxb3 11.axb3 O-O 12.Re1 Bf5 13.Nbd2 Rc8 14.Bxf5 Nxf5 15.
Nf1 b5 16.Ba3 b4 17.Bxb4 Nxb4 18.cxb4 Qb6 19.Ne3 Nxe3 20.Rxe3 Qxb4 21.g3 
Rc7 22.Kg2 Rfc8 23.Qe1 Qxe1 24.Rexe1 Rb8 25.Re3 Bf6 26.Ra5 Rd7 27.Ne5 Bxe5
28.dxe5 d4 29.Rd3 Rc8 30.Ra4 Rc3 31.Rdxd4 Rxd4 32.Rxd4 Rxb3 33.Rd8+ Kg7 
34.Rd7 a5 35.e6 Rb6 36.Rxf7+ Kg8 37.Ra7 Rxe6 38.Rxa5 Re7 39.h4 Kg7 40.h5 
Kh6 41.hxg6 hxg6 42.f4 Kg7 43.Ra6 Rb7 44.Kh3 Kf7 45.Kh4 Rb5 46.Ra7+ Kf8 
47.Rh7 Ra5 48.g4 Rb5 49.Ra7 Rc5 50.Ra8+ Kf7 51.Ra7+ Kf8 52.Ra3 Kf7 53.Re3 
g5+ 54.fxg5 Rc1 55.Ra3 Rh1+ 56.Rh3 Rc1 1/2-1/2

[Event "50th World U20 ch"]
[Site "Chennai IND"]
[Date "2011.08.13"]
[Round "11.33"]
[White "Shreyans Shah, K."]
[Black "Yanev, Tikhomir"]
[Result "0-1"]
[WhiteElo "2203"]
[BlackElo "2349"]
[EventDate "2011.08.02"]
[PlyCount "100"]

1.e4 e5 2.Nf3 Nc6 3.Bc4 Bc5 4.d3 Nf6 5.Bg5 h6 6.Bxf6 Qxf6 7.Nc3 Bb4 8.O-O 
Bxc3 9.bxc3 O-O 10.Qd2 d6 11.Qe3 Be6 12.Nd2 g5 13.Rab1 b6 14.g3 Na5 15.Bb3
Bh3 16.Rfe1 Kg7 17.Kh1 Qg6 18.Rg1 Nxb3 19.cxb3 f5 20.f4 Rae8 21.fxg5 Qxg5 
22.Qxg5+ hxg5 23.Rbe1 fxe4 24.Nxe4 Kg6 25.Re3 Bc8 26.h4 Bb7 27.c4 Re6 28.
Kh2 g4 29.Ree1 Rf3 30.Rd1 Ref6 31.Rd2 Bxe4 32.dxe4 Re3 33.Rgg2 Rxe4 34.
Rgf2 Rxf2+ 35.Rxf2 a5 36.Rf8 Re2+ 37.Kg1 Rxa2 38.Rg8+ Kh6 39.Rh8+ Kg7 40.
Rc8 Rb2 41.Rxc7+ Kg6 42.Rc6 Rxb3 43.Rxd6+ Kf5 44.Kf2 Ke4 45.h5 Rb2+ 46.Ke1
a4 47.h6 a3 48.h7 Rh2 49.Rxb6 Rxh7 50.Ra6 Rh1+ 0-1

[Event "50th World U20 ch"]
[Site "Chennai IND"]
[Date "2011.08.13"]
[Round "11.34"]
[White "Turqueza, Mari Joseph"]
[Black "Artemenko, Oleg"]
[Result "1/2-1/2"]
[WhiteElo "2235"]
[BlackElo "2341"]
[EventDate "2011.08.02"]
[PlyCount "60"]

1.d4 d5 2.c4 dxc4 3.Nf3 Nf6 4.e3 e6 5.Bxc4 a6 6.O-O b5 7.Bb3 c5 8.a4 Bb7 
9.axb5 axb5 10.Rxa8 Bxa8 11.dxc5 Qxd1 12.Rxd1 Bxc5 13.Na3 b4 14.Nc2 Bxf3 
15.gxf3 Ke7 16.Ne1 Nc6 17.Nd3 Bd6 18.Bd2 Rb8 19.Ra1 Ne5 20.Ra7+ Kf8 21.
Nxe5 Bxe5 22.Ra4 Bxb2 23.Bxb4+ Kg8 24.Bd6 Rd8 25.Be7 Rb8 26.Bd6 Rd8 27.Be7
Rb8 28.Bd6 Rd8 29.Be7 Rb8 30.Bd6 Ra8 1/2-1/2

[Event "50th World U20 ch"]
[Site "Chennai IND"]
[Date "2011.08.13"]
[Round "11.35"]
[White "Gusain, Himal"]
[Black "Petenyi, Tamas"]
[Result "1/2-1/2"]
[WhiteElo "2208"]
[BlackElo "2398"]
[EventDate "2011.08.02"]
[PlyCount "133"]

1.e4 e5 2.Nf3 Nc6 3.Bb5 Nge7 4.O-O Ng6 5.c3 a6 6.Ba4 Be7 7.d4 b5 8.Bb3 d6 
9.Re1 O-O 10.Nbd2 Na5 11.Bc2 c5 12.Nf1 Bg4 13.d5 Nh4 14.Ne3 Bxf3 15.gxf3 
Bg5 16.Kh1 Qf6 17.Rg1 Bf4 18.b3 Kh8 19.Qe2 Rfc8 20.Bd1 Ng6 21.Qf1 c4 22.b4
Nb7 23.a4 Rg8 24.a5 Qh4 25.Rg2 Qh3 26.Qg1 Nh4 27.Rg3 Qd7 28.Rg4 Ng6 29.Qg2
Raf8 30.Qh3 Ne7 31.Bc2 g6 32.Bd2 Nd8 33.Rag1 f6 34.Nf5 Nxf5 35.Bxf4 exf4 
36.Rxf4 Nf7 37.exf5 g5 38.Rd4 Ne5 39.Be4 Rg7 40.Rdd1 Ng6 41.Qf1 Nf4 42.Qe1
Re7 43.Qe3 Qe8 44.Rge1 Qh5 45.Rg1 Rfe8 46.Rd2 Re5 47.Rg3 Qf7 48.h3 Qc7 49.
Qd4 R8e7 50.Kh2 Qa7 51.Qxa7 Rxa7 52.Rg1 Rae7 53.h4 h6 54.Kg3 Kg7 55.Kh2 
Re8 56.Rg3 Kf7 57.Kh1 Rg8 58.Rg4 Ree8 59.Rxf4 gxf4 60.Rd1 Rxe4 61.fxe4 Rg4
62.Rg1 Rxh4+ 63.Kg2 Rg4+ 64.Kf1 Rh4 65.Kg2 Rg4+ 66.Kf1 Rh4 67.Kg2 1/2-1/2

[Event "50th World U20 ch"]
[Site "Chennai IND"]
[Date "2011.08.13"]
[Round "11.36"]
[White "Debashis, Das"]
[Black "Lokesh, P."]
[Result "1-0"]
[WhiteElo "2396"]
[BlackElo "2194"]
[EventDate "2011.08.02"]
[PlyCount "79"]

1.d4 Nf6 2.c4 c5 3.d5 e6 4.Nc3 exd5 5.cxd5 d6 6.Nf3 g6 7.Bf4 Bg7 8.Qa4+ 
Bd7 9.Qb3 Qc7 10.e4 O-O 11.Be2 Re8 12.Nd2 Na6 13.O-O Bf8 14.Rfe1 Rab8 15.
Nb5 Qa5 16.Nxd6 Bxd6 17.Bxd6 Qxd2 18.Bxa6 Rbd8 19.Bd3 Bf5 20.Re2 Qa5 21.e5
Bxd3 22.Qxd3 c4 23.Qxc4 Qxd5 24.Qxd5 Nxd5 25.Rc1 Nf4 26.Rd2 f6 27.g3 Ne6 
28.exf6 Ng5 29.Kg2 Ne4 30.Rd4 Nxf6 31.Rc7 Rd7 32.Rxd7 Nxd7 33.Bf4 Nc5 34.
Rd5 Na4 35.Rd7 Re2 36.Rxb7 a6 37.Bh6 Nxb2 38.Rg7+ Kf8 39.Kf1 Re4 40.Rb7+ 
1-0

[Event "50th World U20 ch"]
[Site "Chennai IND"]
[Date "2011.08.13"]
[Round "11.37"]
[White "Vasli, Aref"]
[Black "Soors, Stef"]
[Result "0-1"]
[WhiteElo "2181"]
[BlackElo "2353"]
[EventDate "2011.08.02"]
[PlyCount "68"]

1.e4 c6 2.d4 d5 3.f3 dxe4 4.fxe4 e5 5.Nf3 Bg4 6.Bc4 Nd7 7.c3 Bh5 8.O-O Bd6
9.Qe1 Qc7 10.Nbd2 Ngf6 11.Bd3 O-O-O 12.Kh1 Rhe8 13.b3 Bg6 14.Qh4 exd4 15.
cxd4 Bf4 16.Ba3 Nf8 17.Bb2 Kb8 18.Rfe1 Ka8 19.Rac1 Qb8 20.b4 Ne6 21.Rcd1 
h5 22.Nb3 Ng4 23.Bc1 f6 24.Kg1 Bc7 25.g3 Bb6 26.Bc2 Ne5 27.Nxe5 Qxe5 28.
Be3 Nxd4 29.Nxd4 Bxd4 30.Rxd4 Rxd4 31.Qh3 Rdd8 32.Qf1 Qc3 33.Qf2 Bxe4 34.
Bb3 Bd5 0-1

[Event "50th World U20 ch"]
[Site "Chennai IND"]
[Date "2011.08.13"]
[Round "11.39"]
[White "Sochacki, Wojtek"]
[Black "Mithil, Ajgaonkar"]
[Result "1/2-1/2"]
[WhiteElo "2316"]
[BlackElo "2130"]
[EventDate "2011.08.02"]
[PlyCount "140"]

1.e4 c6 2.d4 d5 3.f3 e6 4.Nc3 Bb4 5.Bd2 Nf6 6.e5 Nfd7 7.f4 Be7 8.Nf3 c5 9.
Be3 Nc6 10.Qd2 a6 11.Bd3 b5 12.dxc5 Nxc5 13.Ne2 Qc7 14.O-O O-O 15.Ned4 Bb7
16.Nxc6 Bxc6 17.Bd4 Ne4 18.Qe3 Bb7 19.Nd2 Rfd8 20.a3 Rac8 21.Nb3 Qb8 22.f5
exf5 23.Rxf5 g6 24.Rf3 Bf8 25.Raf1 Rd7 26.Rh3 Bg7 27.Rxh7 Kxh7 28.Qh3+ Kg8
29.Qxd7 Rc7 30.Qg4 Re7 31.e6 Rxe6 32.Bxg7 Kxg7 33.Nd4 Rf6 34.Rxf6 Kxf6 35.
c3 Qd6 36.g3 Ke7 37.Qh4+ Qf6 38.Qxf6+ Kxf6 39.Kg2 Nc5 40.Bc2 Ne6 41.Kf3 
Ng5+ 42.Ke3 Ke5 43.h4 Ne4 44.g4 Bc8 45.Nf3+ Kd6 46.Kf4 Nf2 47.Nh2 Bb7 48.
h5 gxh5 49.gxh5 Ke7 50.Ke5 f6+ 51.Kf4 Kf7 52.Ng4 Nh3+ 53.Kg3 Ng5 54.Bg6+ 
Kg7 55.Ne3 Ne4+ 56.Kf4 Nd6 57.Bd3 Nc4 58.Nf5+ Kh8 59.b3 Ne5 60.Bc2 Bc8 61.
Ke3 Nc6 62.Kf4 Bxf5 63.Bxf5 d4 64.cxd4 Nxd4 65.b4 Nc6 66.h6 a5 67.bxa5 
Nxa5 68.Bd3 Nc4 69.a4 bxa4 70.Bxc4 Kh7 1/2-1/2

[Event "50th World U20 ch"]
[Site "Chennai IND"]
[Date "2011.08.13"]
[Round "11.40"]
[White "Lim Zhuo Ren"]
[Black "Shreyansh, Daklia"]
[Result "0-1"]
[WhiteElo "2155"]
[BlackElo "2298"]
[EventDate "2011.08.02"]
[PlyCount "70"]

1.d4 d5 2.Nf3 Nf6 3.g3 b5 4.Bg2 Bb7 5.O-O e6 6.a4 b4 7.Ne5 Nbd7 8.c4 bxc3 
9.Nxc3 Nxe5 10.dxe5 Nd7 11.f4 c5 12.e4 d4 13.Nb5 Qb6 14.f5 Nxe5 15.Bf4 a6 
16.Na3 Bd6 17.fxe6 f6 18.Qh5+ g6 19.Qh4 O-O 20.Bh6 Be7 21.Bxf8 Rxf8 22.Kh1
Qxe6 23.Qf4 Qb3 24.a5 Bc6 25.Qd2 Rd8 26.Qc2 Qb4 27.Rfc1 Kg7 28.Kg1 Ba4 29.
Qb1 d3 30.Nc4 d2 31.Nxd2 Rxd2 32.Qa2 Rxg2+ 33.Kxg2 Qxe4+ 34.Kg1 Qe3+ 35.
Kg2 Qe2+ 0-1

[Event "50th World U20 ch"]
[Site "Chennai IND"]
[Date "2011.08.13"]
[Round "11.41"]
[White "Lokesh, N."]
[Black "Tomazini, Zan"]
[Result "0-1"]
[WhiteElo "2090"]
[BlackElo "2288"]
[EventDate "2011.08.02"]
[PlyCount "76"]

1.e4 e5 2.Nf3 Nc6 3.Nc3 Nf6 4.Bb5 Bd6 5.O-O O-O 6.d4 exd4 7.Nxd4 Re8 8.Nf5
Be5 9.Bd3 d6 10.Bg5 Bxf5 11.exf5 d5 12.Kh1 Bxc3 13.bxc3 Qd6 14.Rb1 b6 15.
Qf3 Ne5 16.Qh3 Nxd3 17.cxd3 Re2 18.Bxf6 Qxf6 19.Qf3 Rae8 20.Qxd5 Qxc3 21.
h3 c5 22.a4 h6 23.Qd7 R8e7 24.Qd8+ Kh7 25.Rbc1 Qf6 26.a5 Re1 27.Kh2 Rxf1 
28.Rxf1 b5 29.Rc1 Qe5+ 30.Kg1 b4 31.Qc8 b3 32.Rxc5 b2 33.Rxe5 b1=Q+ 34.Kh2
Rxe5 35.Qc7 Rxf5 36.Qxa7 Qxd3 37.a6 Qd6+ 38.Kg1 Ra5 0-1

[Event "50th World U20 ch"]
[Site "Chennai IND"]
[Date "2011.08.13"]
[Round "11.44"]
[White "Aravindh, Chithambaram"]
[Black "Manigandan, S. S."]
[Result "1-0"]
[WhiteElo "2212"]
[BlackElo "2109"]
[EventDate "2011.08.02"]
[PlyCount "66"]

1.e4 e6 2.d4 d5 3.Nc3 Bb4 4.e5 c5 5.a3 Bxc3+ 6.bxc3 Ne7 7.Nf3 Qc7 8.Bd3 
Nbc6 9.O-O c4 10.Be2 f6 11.exf6 gxf6 12.Nh4 Ng6 13.Bh5 Qg7 14.f4 Ne7 15.
Rb1 O-O 16.Qe1 Qh6 17.Bxg6 Nxg6 18.Nxg6 Qxg6 19.f5 exf5 20.Rf3 Kh8 21.Rg3 
Re8 22.Qf2 Qh5 23.Be3 Bd7 24.Qf4 b6 25.Qd6 Qf7 26.Rf1 Re4 27.Bh6 Rg8 28.
Rxg8+ Kxg8 29.h3 Qe7 30.Qxd5+ Be6 31.Qa8+ Kf7 32.Bf4 Qd7 33.Qh8 Bd5 1-0

[Event "50th World U20 ch"]
[Site "Chennai IND"]
[Date "2011.08.13"]
[Round "11.45"]
[White "Akash Iyer, P. C."]
[Black "Dusthageer, Ibrahim M."]
[Result "1/2-1/2"]
[WhiteElo "2069"]
[BlackElo "2212"]
[EventDate "2011.08.02"]
[PlyCount "64"]

1.d4 Nf6 2.c4 c5 3.Nf3 cxd4 4.Nxd4 e5 5.Nb5 d6 6.N1c3 a6 7.Na3 Be7 8.g3 
O-O 9.Bg2 Nc6 10.O-O Be6 11.Nd5 Rc8 12.Nc2 b5 13.cxb5 axb5 14.Be3 Nxd5 15.
Bxd5 Qa5 16.Qd3 Nd8 17.b4 Qa4 18.Bb3 Qa6 19.a4 Bxb3 20.Qxb3 bxa4 21.Rxa4 
Qxe2 22.Na3 Rb8 23.Qd5 Ne6 24.Ba7 Ra8 25.b5 Ng5 26.b6 e4 27.Qd1 Qb2 28.Qc2
Qe5 29.b7 Qf5 30.bxa8=Q Nf3+ 31.Kg2 Nh4+ 32.Kg1 Nf3+ 1/2-1/2

[Event "50th World U20 ch"]
[Site "Chennai IND"]
[Date "2011.08.13"]
[Round "11.46"]
[White "Ashwath, R."]
[Black "Hercules, Benjamin Vincent"]
[Result "1-0"]
[WhiteElo "2259"]
[BlackElo "2089"]
[EventDate "2011.08.02"]
[PlyCount "55"]

1.d4 d5 2.Nf3 Nf6 3.c4 e6 4.e3 c6 5.Nbd2 Nbd7 6.b3 Bd6 7.Bb2 Ne4 8.Nxe4 
dxe4 9.Nd2 f5 10.Qc2 O-O 11.O-O-O Qe7 12.c5 Bc7 13.f3 exf3 14.gxf3 Nf6 15.
Re1 e5 16.Bd3 Nd5 17.e4 Nf4 18.exf5 Nxd3+ 19.Qxd3 Bxf5 20.Qe3 Rad8 21.h4 
Rd5 22.Nc4 Qd7 23.dxe5 Rd3 24.Qg5 Rc3+ 25.Bxc3 Qd3 26.Kb2 Qc2+ 27.Ka3 Qxc3
28.Qe3 1-0

[Event "50th World U20 ch"]
[Site "Chennai IND"]
[Date "2011.08.13"]
[Round "11.48"]
[White "Ghaledar, Faraz"]
[Black "Soares, Erikson"]
[Result "1-0"]
[WhiteElo "2088"]
[BlackElo "2181"]
[EventDate "2011.08.02"]
[PlyCount "89"]

1.d4 Nf6 2.c4 c6 3.Nc3 d5 4.Nf3 g6 5.cxd5 Nxd5 6.e4 Nxc3 7.bxc3 Bg7 8.Bc4 
O-O 9.O-O c5 10.h3 Nc6 11.Be3 Qa5 12.Rc1 e6 13.Qe2 cxd4 14.cxd4 Bd7 15.e5 
Ne7 16.Ng5 Bc6 17.Qg4 Nf5 18.Ne4 Bxe4 19.Qxe4 b6 20.Bf4 Rad8 21.Rfd1 b5 
22.Bb3 Qb4 23.g4 Nxd4 24.Kg2 a5 25.Bg3 a4 26.Bc2 Rd5 27.Bb1 Rfd8 28.Rc7 
Qa5 29.Rdc1 b4 30.Bh4 Rf8 31.Bf6 b3 32.Qe3 Qa8 33.Be4 b2 34.Rb1 a3 35.Rc4 
Nb5 36.Rb4 Qc6 37.Qb3 Rb8 38.Qxa3 Nxa3 39.Rxb8+ Bf8 40.Be7 Qc4 41.Bf3 Nxb1
42.Rxf8+ Kg7 43.Rb8 Rxe5 44.g5 Rf5 45.Bf8+ 1-0

[Event "50th World U20 ch"]
[Site "Chennai IND"]
[Date "2011.08.13"]
[Round "11.49"]
[White "Prasannaa, S."]
[Black "Sidhant, Mohapatra"]
[Result "0-1"]
[WhiteElo "2032"]
[BlackElo "2155"]
[EventDate "2011.08.02"]
[PlyCount "108"]

1.e4 c5 2.Nf3 e6 3.d4 cxd4 4.Nxd4 Nf6 5.Nc3 Nc6 6.Ndb5 Bb4 7.a3 Bxc3+ 8.
Nxc3 d5 9.exd5 exd5 10.Bd3 O-O 11.O-O d4 12.Ne2 Qd5 13.Nf4 Qd6 14.Nh5 Nxh5
15.Qxh5 h6 16.Re1 Bd7 17.Qh4 Rfe8 18.Bd2 Rac8 19.f4 Qd5 20.Rxe8+ Rxe8 21.
Re1 Rxe1+ 22.Qxe1 Bf5 23.Qe2 Bxd3 24.Qxd3 Qe6 25.h3 f5 26.c3 Qb3 27.Bc1 
dxc3 28.bxc3 Qe6 29.Be3 a6 30.c4 Kf7 31.Kf2 Na5 32.c5 Nc4 33.a4 Nxe3 34.
Qxe3 Qa2+ 35.Kg1 Qxa4 36.Qe5 Qe4 37.Qc7+ Kg6 38.Kh2 Qc6 39.Qa5 Kh7 40.Qb4 
Qe4 41.Qd2 Qc4 42.Qd6 a5 43.g4 a4 44.Kg3 Qc3+ 45.Kh4 a3 46.g5 hxg5+ 47.
fxg5 Qe1+ 48.Kh5 Qe2+ 49.Kh4 Qf2+ 50.Kh5 Qf3+ 51.Kh4 a2 52.c6 a1=Q 53.g6+ 
Kh6 54.Qd2+ f4 0-1

[Event "50th World U20 ch"]
[Site "Chennai IND"]
[Date "2011.08.13"]
[Round "11.50"]
[White "Karma, Pandya"]
[Black "Abhilash Reddy, M. L."]
[Result "1/2-1/2"]
[WhiteElo "2136"]
[BlackElo "2109"]
[EventDate "2011.08.02"]
[PlyCount "84"]

1.e4 c5 2.Nf3 d6 3.d4 cxd4 4.Nxd4 Nf6 5.Nc3 g6 6.Be3 Bg7 7.f3 Nc6 8.Qd2 
O-O 9.O-O-O d5 10.exd5 Nxd5 11.Nxc6 bxc6 12.Bd4 Nxc3 13.Qxc3 Bh6+ 14.Be3 
Bxe3+ 15.Qxe3 Qb6 16.Qxe7 Bf5 17.Bc4 Rab8 18.Qa3 Rfe8 19.g4 Re3 20.b3 Be6 
21.Bxe6 Rxe6 22.h4 c5 23.Rhe1 Rxe1 24.Rxe1 Qf6 25.Kb1 Qxh4 26.Rc1 Qe7 27.
f4 Rb4 28.f5 Rxg4 29.f6 Qxf6 30.Qxc5 Qd4 31.Qxd4 Rxd4 32.c4 Kf8 33.Kb2 Ke7
34.Kc3 Rd8 35.Re1+ Kd7 36.b4 h5 37.b5 Re8 38.Rf1 f5 39.Rg1 Re6 40.c5 h4 
41.Kd3 Kc7 42.a4 Kd7 1/2-1/2

[Event "50th World U20 ch"]
[Site "Chennai IND"]
[Date "2011.08.13"]
[Round "11.51"]
[White "Benitez Lozano, Javier"]
[Black "Kourkoulos-Arditis, Stamatis"]
[Result "0-1"]
[WhiteElo "1994"]
[BlackElo "2123"]
[EventDate "2011.08.02"]
[PlyCount "50"]

1.e4 c5 2.Nf3 e6 3.d4 cxd4 4.Nxd4 Nf6 5.Nc3 d6 6.Be3 Be7 7.Be2 O-O 8.O-O 
a6 9.f4 Qc7 10.Bd3 b5 11.Qf3 Bb7 12.g4 Nc6 13.g5 Nd7 14.Nce2 Nc5 15.Nxc6 
Bxc6 16.Nd4 Bb7 17.Rae1 f5 18.Qh3 fxe4 19.Nxe6 Qc6 20.Nxf8 exd3 21.Qxh7+ 
Kxf8 22.Qh8+ Kf7 23.g6+ Kxg6 24.f5+ Kf7 25.Qh5+ Kg8 0-1

[Event "50th World U20 ch"]
[Site "Chennai IND"]
[Date "2011.08.13"]
[Round "11.52"]
[White "Debashish, Dutta"]
[Black "Srinath, Narayanan"]
[Result "1/2-1/2"]
[WhiteElo "2127"]
[BlackElo "2371"]
[EventDate "2011.08.02"]
[PlyCount "109"]

1.e4 c5 2.Ne2 Nf6 3.Nbc3 e5 4.g3 g6 5.Bg2 Bg7 6.d3 Nc6 7.Be3 d6 8.h3 O-O 
9.Qd2 Nd4 10.O-O-O Qa5 11.Kb1 Be6 12.Nd5 Qxd2 13.Nxf6+ Bxf6 14.Rxd2 Bg7 
15.Nc3 Rad8 16.Rdd1 Rd7 17.f4 exf4 18.gxf4 f5 19.Rhf1 a6 20.Na4 b5 21.Nb6 
Re7 22.Rde1 fxe4 23.Bxd4 Bxd4 24.Rxe4 Rfe8 25.Rfe1 Kf8 26.b3 Bc3 27.R1e2 
Ba5 28.Nd5 Bxd5 29.Rxe7 Rxe7 30.Rxe7 Bxg2 31.Rxh7 Bd2 32.h4 Bf3 33.a4 bxa4
34.bxa4 Bc3 35.Rd7 a5 36.Rxd6 Kf7 37.Kc1 Be1 38.Ra6 Bxh4 39.Rxa5 Bg3 40.
Ra7+ Ke6 41.f5+ gxf5 42.a5 f4 43.Rg7 Bg2 44.Kd2 f3 45.Rxg3 f2 46.Rxg2 f1=Q
47.Re2+ Kd6 48.Re4 Qa1 49.Rc4 Qxa5+ 50.Kd1 Kd5 51.Re4 Qa1+ 52.Kd2 Qg1 53.
Rc4 Kc6 54.Re4 Kb5 55.Rc4 1/2-1/2

[Event "50th World U20 ch"]
[Site "Chennai IND"]
[Date "2011.08.13"]
[Round "11.53"]
[White "Yashas, Devappa"]
[Black "Aaron, Deepak"]
[Result "0-1"]
[WhiteElo "2184"]
[BlackElo "2288"]
[EventDate "2011.08.02"]
[PlyCount "186"]

1.e4 e5 2.Nf3 Nc6 3.Bb5 a6 4.Ba4 Nf6 5.Qe2 b5 6.Bb3 Bc5 7.O-O O-O 8.c3 d6 
9.Rd1 Bb6 10.h3 Be6 11.Bc2 Re8 12.d3 h6 13.Nbd2 Ne7 14.Nf1 Ng6 15.N3h2 Qd7
16.Ng3 Rad8 17.a4 d5 18.Nh5 Nh7 19.Be3 d4 20.cxd4 Bxd4 21.Bxd4 Qxd4 22.
axb5 axb5 23.Nf3 Qd7 24.d4 exd4 25.Rxd4 Bc4 26.Qe3 Qe7 27.Rad1 Rxd4 28.
Nxd4 Qe5 29.Nf5 Qxb2 30.Bb1 Qe2 31.Qd4 Ne5 32.Nhg3 c5 33.Qd6 Qb2 34.Qxc5 
Ng5 35.Qe3 Ne6 36.f4 Ng6 37.Nd6 Ngxf4 38.Qd2 Qa3 39.Ngf5 Rd8 40.e5 Qc5+ 
41.Qe3 Ra8 42.Kh2 Qxe3 43.Nxe3 Be2 44.Rd2 Ra3 45.Nef5 Ng5 46.Ng3 Bd3 47.
Bxd3 Rxd3 48.Rxd3 Nxd3 49.Nxb5 Nxe5 50.Nd6 g6 51.Nde4 Ne6 52.Nf6+ Kg7 53.
Ne8+ Kf8 54.Nf6 Ng7 55.Ng4 Nxg4+ 56.hxg4 Ke7 57.Ne2 Ne6 58.Kg3 Kf6 59.Nc3 
Ke5 60.Nb5 Kd5 61.Nc3+ Kd4 62.Nb5+ Ke3 63.Nd6 Ng5 64.Nc4+ Kd4 65.Nb6 Ne4+ 
66.Kf4 g5+ 67.Kf3 Nd2+ 68.Kg3 Ke4 69.Nd7 Ke3 70.Ne5 Ne4+ 71.Kh2 Nd6 72.Kg3
f6 73.Ng6 Ne4+ 74.Kh3 Nc3 75.Ne7 Kf4 76.Ng6+ Ke4 77.Ne7 Kf4 78.Ng6+ Ke3 
79.Ne7 Ne4 80.Nd5+ Kf2 81.Ne7 Ke3 82.Nd5+ Kd4 83.Ne7 Ke5 84.Ng8 Kf4 85.Kh2
Nf2 86.Nxh6 Nxg4+ 87.Nxg4 Kxg4 88.Kg1 Kg3 89.Kf1 f5 90.Kg1 g4 91.Kf1 Kh2 
92.Kf2 g3+ 93.Kf3 f4 0-1

[Event "50th World U20 ch"]
[Site "Chennai IND"]
[Date "2011.08.13"]
[Round "11.55"]
[White "Santos, Hugo Lima"]
[Black "Mastalerz, Xavier"]
[Result "1/2-1/2"]
[WhiteElo "2078"]
[BlackElo "2129"]
[EventDate "2011.08.02"]
[PlyCount "56"]

1.e4 e6 2.Nc3 d5 3.Nf3 Nf6 4.e5 Nfd7 5.d4 c5 6.dxc5 Nc6 7.Bf4 Bxc5 8.Bd3 
f6 9.exf6 Qxf6 10.Bg5 Qf7 11.Qe2 O-O 12.O-O-O a6 13.Rhe1 Nf6 14.Bh4 h6 15.
h3 Nh5 16.Qd2 Bd7 17.Bg3 Rac8 18.Kb1 Bb4 19.Ne5 Nxe5 20.Bxe5 Qxf2 21.Re2 
Qh4 22.g4 Nf6 23.Rg1 Bb5 24.Bg3 Qg5 25.Bf4 Qh4 26.Bg3 Qg5 27.Bf4 Qh4 28.
Bg3 Qg5 1/2-1/2

[Event "50th World U20 ch"]
[Site "Chennai IND"]
[Date "2011.08.13"]
[Round "11.56"]
[White "Jefic, Srdan"]
[Black "Sekar, B."]
[Result "1/2-1/2"]
[WhiteElo "2143"]
[BlackElo "2061"]
[EventDate "2011.08.02"]
[PlyCount "97"]

1.e4 c5 2.Nc3 d6 3.f4 g6 4.Nf3 Bg7 5.g3 Nc6 6.d3 e5 7.Bg2 Nge7 8.O-O O-O 
9.Be3 Nd4 10.Qd2 exf4 11.Bxf4 Nxf3+ 12.Rxf3 Nc6 13.Bh6 Ne5 14.Rff1 Be6 15.
Bxg7 Kxg7 16.Ne2 f6 17.Nf4 Bg8 18.Bh3 Qe7 19.Rf2 Rae8 20.Raf1 Nc6 21.Kg2 
Qe5 22.c3 d5 23.exd5 Bxd5+ 24.Kg1 Qd6 25.Bg2 Bxg2 26.Kxg2 Ne5 27.c4 Qd4 
28.Re2 g5 29.Re4 Nxc4 30.Rxd4 Nxd2 31.Rd7+ Kg8 32.Rf2 gxf4 33.Rxd2 Rf7 34.
Rxf7 Kxf7 35.gxf4 Kg6 36.Kf3 Kf5 37.Rg2 Re7 38.Rg8 Rd7 39.Ke3 Re7+ 40.Kf3 
Rd7 41.Ke3 b6 42.b3 h5 43.h3 Re7+ 44.Kf3 Re1 45.Rh8 Rf1+ 46.Kg3 Kg6 47.
Rg8+ Kf5 48.Rh8 Rg1+ 49.Kf3 1/2-1/2

[Event "50th World U20 ch"]
[Site "Chennai IND"]
[Date "2011.08.13"]
[Round "11.57"]
[White "Yohan, J."]
[Black "Herman, Jean"]
[Result "1-0"]
[WhiteElo "2017"]
[BlackElo "2105"]
[EventDate "2011.08.02"]
[PlyCount "65"]

1.e4 e6 2.b3 b6 3.Bb2 Bb7 4.d3 Nf6 5.g3 d5 6.Bg2 dxe4 7.Nd2 Bb4 8.c3 Bc5 
9.d4 Be7 10.Qc2 Nbd7 11.Ne2 O-O 12.O-O c5 13.Nxe4 Qc7 14.Rad1 Nxe4 15.Bxe4
Nf6 16.Bxb7 Qxb7 17.c4 Rfd8 18.dxc5 Ne4 19.h4 Bxc5 20.Bd4 f6 21.Bxc5 Nxc5 
22.b4 Nd7 23.f4 e5 24.Rd5 Nf8 25.Rfd1 Rxd5 26.cxd5 Rc8 27.Qb3 Nd7 28.fxe5 
Nxe5 29.Nd4 Qf7 30.b5 Qf8 31.d6+ Qf7 32.Nc6 Rxc6 33.d7 1-0

[Event "50th World U20 ch"]
[Site "Chennai IND"]
[Date "2011.08.13"]
[Round "11.59"]
[White "Barbier, Sigiswald"]
[Black "Arun, J."]
[Result "1/2-1/2"]
[WhiteElo "2088"]
[BlackElo "2018"]
[EventDate "2011.08.02"]
[PlyCount "148"]

1.c4 e5 2.g3 Nc6 3.Nc3 g6 4.Bg2 Bg7 5.e4 d6 6.Nge2 Be6 7.d3 Nge7 8.O-O O-O
9.Nd5 Qd7 10.Bg5 f6 11.Be3 f5 12.Qd2 f4 13.gxf4 Bh3 14.Nxe7+ Nxe7 15.f3 
Nc6 16.Rf2 Nd4 17.Raf1 Nxe2+ 18.Rxe2 exf4 19.Bxf4 Bxb2 20.Qxb2 Rxf4 21.
Qxb7 Raf8 22.Qd5+ Be6 23.Qd4 h5 24.h3 c5 25.Qf2 h4 26.Kh2 Qc7 27.Kg1 Qe7 
28.Qe1 Qg5 29.Kh2 Qe5 30.Kh1 Rb8 31.Rc2 Kg7 32.Qa1 Qxa1 33.Rxa1 Kf6 34.Kg1
Ke5 35.Kf2 Kd4 36.Ke2 Bd7 37.Rd2 Ba4 38.Bh1 Bd7 39.Rg1 Bxh3 40.Rxg6 Rb1 
41.Bg2 Bxg2 42.Rxg2 Rh1 43.Rg6 h3 44.Rxd6+ Kc3 45.Rh6 h2 46.Ke3 Rf6 47.
Rhxh2 Re1+ 48.Rde2 Rf1 49.Rc2+ Kb4 50.Rhf2 Re1+ 51.Rce2 Rd1 52.Rb2+ Ka3 
53.e5 Rf5 54.Ke4 Rh5 55.Rb3+ Ka4 56.Kd5 a5 57.Rc3 Kb4 58.Rfc2 Rf1 59.Rb3+ 
Ka4 60.Rb5 Rxf3 61.Re2 Rxd3+ 62.Kxc5 Rc3 63.Kd4 Rc1 64.Rc5 Kb4 65.Rb2+ Ka3
66.Rd2 Kb4 67.Rb5+ Ka4 68.Kd5 Re1 69.Kd6 Rh6+ 70.Kc7 Rh4 71.Rc5 Kb4 72.
Rdd5 Rh7+ 73.Kc6 a4 74.Rd6 Re7 1/2-1/2

[Event "50th World U20 ch"]
[Site "Chennai IND"]
[Date "2011.08.13"]
[Round "11.61"]
[White "Bukhalaf, Khalil"]
[Black "Bryan-Vissi, Mark"]
[Result "1/2-1/2"]
[WhiteElo "2004"]
[BlackElo "1815"]
[EventDate "2011.08.02"]
[PlyCount "56"]

1.c4 Nf6 2.Nc3 e6 3.g3 Bb4 4.Bg2 O-O 5.Nf3 c5 6.O-O Nc6 7.d3 h6 8.e4 d6 9.
Ne1 e5 10.f4 Bg4 11.Bf3 Qd7 12.Bxg4 Qxg4 13.Qxg4 Nxg4 14.h3 Bxc3 15.bxc3 
Nf6 16.fxe5 dxe5 17.Rb1 b6 18.Kf2 Nh7 19.Ke2 Rae8 20.Nc2 Re6 21.Ne3 Rf6 
22.Bd2 Rxf1 23.Rxf1 Nf6 24.Nf5 Nh7 25.Ne3 Nf6 26.Nf5 Nh7 27.Ne3 Nf6 28.Nf5
Nh7 1/2-1/2

[Event "50th World U20 ch"]
[Site "Chennai IND"]
[Date "2011.08.14"]
[Round "12.2"]
[White "Ter-Sahakyan, Samvel"]
[Black "Swiercz, Dariusz"]
[Result "0-1"]
[WhiteElo "2558"]
[BlackElo "2553"]
[EventDate "2011.08.02"]
[PlyCount "88"]

1.e4 c5 2.Nf3 d6 3.d4 cxd4 4.Nxd4 Nf6 5.Nc3 a6 6.Bg5 e6 7.f4 h6 8.Bh4 Qb6 
9.Qd2 Qxb2 10.Rb1 Qa3 11.e5 dxe5 12.fxe5 g5 13.exf6 gxh4 14.Be2 Qa5 15.O-O
Nd7 16.Qd3 Qe5 17.Ne4 Nc5 18.Nxc5 Bxc5 19.c3 h3 20.g3 Bd7 21.Rxb7 Rd8 22.
Qf3 Rg8 23.Bxa6 Qd6 24.Bb5 Bxb5 25.Rxb5 Rg5 26.Rb7 Bxd4+ 27.cxd4 Qxd4+ 28.
Qf2 Qd5 29.Rb3 Rf5 30.Rf3 Rxf3 31.Qxf3 Qxa2 32.Qb7 Qa3 33.Qc6+ Kf8 34.Qf3 
Qc5+ 35.Kh1 h5 36.Rb1 Kg8 37.g4 Qd5 38.Qxd5 Rxd5 39.gxh5 Kh7 40.Kg1 Rxh5 
41.Rb3 Kg6 42.Rf3 e5 43.Kh1 e4 44.Re3 Rh4 0-1